Aman Jauhara: (Record no. 196054)

MARC details
000 -LEADER
fixed length control field 00609nam a22002057a 4500
005 - DATE AND TIME OF LATEST TRANSACTION
control field 20230523145427.0
008 - FIXED-LENGTH DATA ELEMENTS--GENERAL INFORMATION
fixed length control field 230523b ||||| |||| 00| 0 eng d
010 ## - LCCN (DPL NO)
LC control number ENG-136989
020 ## - INTERNATIONAL STANDARD BOOK NUMBER
International Standard Book Number 9789390746293
Terms of availability 64.00
035 ## - SYSTEM CONTROL NUMBER
System control number EN-120521
037 ## - SOURCE OF ACQUISITION
Source of stock number/acquisition DBAD / PUB
040 ## - CATALOGING SOURCE
Language of cataloging English
082 ## - DEWEY DECIMAL CLASSIFICATION NUMBER
Classification number S
100 ## - MAIN ENTRY--PERSONAL NAME
Personal name Abubakar,Bashir Hajara
245 ## - TITLE STATEMENT
Title Aman Jauhara:
Remainder of title Assignment Results to Love/
Statement of responsibility, etc Hajara Bashir Abubakar
260 ## - PUBLICATION, DISTRIBUTION, ETC. (IMPRINT)
Place of publication, distribution, etc KOLKATA
Name of publisher, distributor, etc exceller book
Date of publication, distribution, etc 2021
270 ## - ADDRESS
Address Dream Apartment,Degree collage road,
City kolkata
Postal code 700056
300 ## - PHYSICAL DESCRIPTION
Extent 71p,;
Dimensions 21cm(pbk)
942 ## - ADDED ENTRY ELEMENTS (KOHA)
Source of classification or shelving scheme Dewey Decimal Classification
Item type English Books
Call number suffix ABU
Classification part S
Holdings
Withdrawn status Lost status Source of classification or shelving scheme Damaged status Not for loan Collection code Home library Current library Date acquired Source of acquisition Cost, normal purchase price Total Checkouts Full call number Barcode Date last seen Copy number Cost, replacement price Koha item type
    Dewey Decimal Classification     Fiction Ashok Vihar Ashok Vihar 23/05/2023 DBAD/PUB 64.00 2 S EN-120521 13/02/2026 1 64.00 English Books

© Delhi Public Library
Hit Counter
free hit counter